| 000 | 00704nam a2200241Ia 4500 | ||
|---|---|---|---|
| 003 | OSt | ||
| 005 | 20221005084331.0 | ||
| 006 | a|||||r|||| 00| 0 | ||
| 007 | ta | ||
| 008 | 221004b |||||||| |||| 00| 0 eng d | ||
| 024 | _a52597 | ||
| 037 | _cTextual | ||
| 040 |
_aCRL _cCRL _beng |
||
| 041 |
_2eng _aeng |
||
| 082 | _aO111,6:g, K9 | ||
| 100 | _aWhitaker Thomas R | ||
| 245 | 0 | _aTwentieth century interpretations of the playboy of the western world Ed by Thomas R. Whitaker | |
| 260 |
_aNew Jersey _bJersy Prentice-Hall _c1969 |
||
| 300 |
_a122p. _ccm. |
||
| 650 | _aENGLISH LITERATURE | ||
| 942 |
_hO111,6:g, K9 _cTEXL _2cc |
||
| 999 |
_c992447 _d992447 |
||